书目信息 |
| 题名: |
莱布尼茨读本
|
|
| 作者: | 陈乐民 编著 | |
| 分册: | ||
| 出版信息: | 南京 江苏教育出版社 2006 |
|
| 页数: | 306页 | |
| 开本: | 22cm | |
| 丛书名: | 西方杰出思想家读本系列 | |
| 单 册: | ||
| 中图分类: | B516.22 | |
| 科图分类: | ||
| 主题词: | ||
| 电子资源: | ||
| ISBN: | 7-5343-7064-7 | |
| 000 | 00884oam2 2200253 450 | |
| 001 | 1539195464 | |
| 005 | 20150131105330.34 | |
| 010 | @a7-5343-7064-7@dCNY27.00 | |
| 100 | @a20060918d2006 em y0chiy50 ea | |
| 101 | 0 | @achi |
| 102 | @aCN@b320000 | |
| 105 | @ay z 000yy | |
| 200 | 1 | @a莱布尼茨读本@9lai bu ni ci du ben@dThe Leibniz reader@f陈乐民编著@zeng |
| 210 | @a南京@c江苏教育出版社@d2006 | |
| 215 | @a306页@d22cm | |
| 225 | 2 | @a西方杰出思想家读本系列 |
| 330 | @a本书主要集中选辑了莱布尼茨哲学的主要论述。包括“单子论”体系、自然哲学、认识论、对中国的认识四部分。 | |
| 461 | 0 | @12001 @a西方杰出思想家读本系列 |
| 510 | 1 | @aLeibniz reader@zeng |
| 600 | 0 | @a莱布尼兹@c(Leibniz, Gottfried Wilhelm Von@f1646-1716)@x哲学思想@x研究 |
| 690 | @aB516.22@v5 | |
| 701 | 0 | @a陈乐民@9chen yue min@f(1930~2008)@4编著 |
| 801 | 0 | @aCN@bTSSF@c20150131 |
| 905 | @aZUCC@dB516.22@eJY1 | |
| 莱布尼茨读本=The Leibniz reader/陈乐民编著.-南京:江苏教育出版社,2006 |
| 306页;22cm.-(西方杰出思想家读本系列) |
| ISBN 7-5343-7064-7:CNY27.00 |
| 本书主要集中选辑了莱布尼茨哲学的主要论述。包括“单子论”体系、自然哲学、认识论、对中国的认识四部分。 |
| ● |
| 相关链接 |
|
|
|
|
正题名:莱布尼茨读本
索取号:B516.22/JY1
 
预约/预借
| 序号 | 登录号 | 条形码 | 馆藏地/架位号 | 状态 | 备注 |
| 1 | 7857101 | 278571010 | 学院路分馆/ [索取号:B516.22/JY1] | 在馆 |